|
|
|
|
| LEADER |
01379nam a22003254a 4500 |
| 001 |
38097 |
| 003 |
BD-DhAAL |
| 005 |
20220313100745.0 |
| 008 |
220313t2004 dcua b i000 0 eng |
| 999 |
|
|
|c 43746
|d 43746
|
| 010 |
|
|
|a 2003052595
|
| 020 |
|
|
|a 0821350625
|
| 040 |
|
|
|a DLC
|c DLC
|d DLC
|d BD-DhAAL
|
| 042 |
|
|
|a pcc
|
| 043 |
|
|
|a d------
|
| 050 |
0 |
0 |
|a HN49.C6
|b R39 2004
|
| 082 |
0 |
0 |
|a 307.14091724
|2 22
|
| 100 |
1 |
|
|a Rawlings, Laura,
|d 1964-
|9 46788
|
| 245 |
1 |
0 |
|a Evaluating social funds :
|b a cross-country analysis of community investments /
|c Laura Rawlings, Lynne Sherburne-Benz and Julie Van Domelen.
|
| 260 |
|
|
|a Washington, D.C. :
|b World Bank,
|c c2004.
|
| 300 |
|
|
|a xxvii, 208 pages :
|b illustrations ;
|c 24 cm.
|
| 490 |
|
|
|a World Bank regional and sectoral studies
|
| 504 |
|
|
|a Includes bibliographical references (p. 197-208).
|
| 541 |
|
|
|a Donated by Akbar Ali Khan
|e 38097
|
| 650 |
|
0 |
|a Community development
|z Developing countries
|x Evaluation
|v Case studies.
|9 46789
|
| 650 |
|
0 |
|a Economic assistance, Domestic
|z Developing countries
|x Evaluation
|v Case studies.
|9 46790
|
| 700 |
1 |
|
|a Sherburne-Benz, Lynne Darling.
|9 46791
|
| 700 |
1 |
|
|a VanDomelen, Julie.
|9 46792
|
| 942 |
|
|
|2 ddc
|c BK
|
| 952 |
|
|
|0 0
|1 0
|2 ddc
|4 0
|6 307_140917240000000_RAW
|7 1
|9 70097
|a BRACUL
|b BRACUL
|c AAKC
|d 2022-03-13
|e Donated by Akbar Ali Khan
|l 0
|o 307.14091724 RAW
|p 3010038097
|r 2022-03-13
|t 1
|w 2022-03-13
|y BK
|